Three Letter Answers #1 - Statistics

General Stats
  • This quiz has been taken 74,092 times
  • The average score is 15 of 24
Answer Stats
Hint Answer % Correct
Second person in the Bible Eve
94%
Yang opposite Yin
93%
Currency of Japan Yen
91%
Ghost noise Boo
82%
British term for a trash receptacle Bin
78%
Body part used to make her Rib
78%
Attila was one Hun
74%
Male equivalent of a lass Lad
73%
One of the signs of the Zodiac Leo
68%
Latin name of the sun Sol
68%
Element with symbol Sn Tin
68%
Fawkes' first name Guy
67%
"Gangnam Style" rapper Psy
63%
1/8th of a byte Bit
60%
Spanish for river Rio
60%
Will Ferrell movie Elf
52%
More than a gig, less than a career Job
52%
Most common family name in Korea Kim
48%
Fancy a spot of this? Tea
46%
Goat-legged Greek god Pan
38%
Dominant ethnic group of China Han
34%
School of Buddhism Zen
34%
Symbol on the flag of the Vatican Key
27%
Giant extinct bird of New Zealand Moa
25%
No matching quizzes found
Score Distribution
Percent of People with Each Score
Percentile by Number Answered
Your Score History
You have not taken this quiz